000 00609nam a2200193Ia 4500
005 20260601193257.0
008 260601s9999||||xx |||||||||||||| ||und||
020 _a978-3-031-70543-4
_qebk
100 _aElisa H. Barney Smith
245 0 _aDocument Analysis and Recognition - ICDAR 2024
250 _a2024
260 _aHeidelberg, Germany
_bSpringer Nature
_c2024
440 _aLecture Notes in Computer Science
650 _aComputer Science
700 _aLiangrui Peng
700 _aMarcus Liwicki
856 _uhttps://link.springer.com/openurl?genre=book&isbn=978-3-031-70543-4
942 _cEB
_2ddc
999 _c56915
_d56915